000 00920nam a22001337a 4500
040 _cRUA
082 _aAVM HEA 2010 B096 Or.1
100 _aHEAK, CHHAIDEN.
245 _aEffect of fresh pumpkin (Cucurbita pepo L.) leaves and shrimp by-product supplementation on C.P concentrate on growth rate of avian broiler at animal experimental station of rua, ឥទ្ធិពលនៃការបន្ថែមស្លឹកល្ពៅស្រស់ និងអនុផលបង្គាលើចំណីផ្សំC.P​ លើការលូតលាស់មាន់សាច់AVIAN នៅស្ថានីយពិសោធន៍សត្វនៃសាកលវិទ្យាល័យភូមិន្ទកសិកម្ម
260 _aPhnom Penh
_bRUA
_c2010
300 _ax; 45p.
_bill.
_c29cm.
856 _uhttps://drive.google.com/file/d/1MeKnt3ciyHENosBgpWjWa_ewTdjq_3CO/view?usp=sharing
942 _cAVM
999 _c2468
_d2468